000 01581nam a2200469 i 4500
001 26143
003 KOSZ 005
005 20210406092504.0
008 210406s1974 pl f 001 0 pol
015 _aUWD 1974/3250
035 _a991010567149705066
035 _a(PL-WaBN)b12880681-48omnis_nlop
035 _ab12880681
035 _a(OCoLC)835930583
035 _a(PL)b0000001288068
035 _a(EXLNZ-48OMNIS_NETWORK)9910425789405606
040 _aWA N
_cWA N
_dKOSZ 005/RW
046 _k1974
080 _a330.1
080 _a(03)
245 0 0 _aMała encyklopedia ekonomiczna /
_cautorzy Lesław Adam [et al.] ; redaktor naczelny Kazimierz Secomski.
250 _aWydanie 2 zmienione.
260 _aWarszawa :
_bPaństwowe Wydawnictwo Ekonomiczne,
_c1974.
300 _a1043, [1] strony ;
_c22 cm.
336 _aTekst
_btxt
_2rdacontent
337 _aBez urządzenia pośredniczącego
_bn
_2rdamedia
338 _aWolumin
_bnc
_2rdacarrier
380 _aKsiążki
380 _aPublikacje informacyjne
388 1 _a1901-2000
388 1 _a1945-1989
504 _aIndeksy.
650 7 _aNauki ekonomiczne
_2DBN
655 7 _aEncyklopedia
_2DBN
658 _aGospodarka, ekonomia, finanse
700 1 _aAdam, Lesław
_d(1908-1979)
_eAutor
700 1 _aSecomski, Kazimierz
_d(1910-2002)
_eRedakcja
710 2 _aPaństwowe Wydawnictwo Ekonomiczne
_4pbl
856 _uhttp://koha.tu.koszalin.pl/cgi-bin/koha/opac-detail.pl?biblionumber=26143
_yKatalog online BPK
942 _2UKD
_cKS
999 _c26143
_d26143